Personnel management in Indian industries (Record no. 17971)

MARC details
000 -LEADER
fixed length control field 00367nam a2200145Ia 4500
082 ## - DEWEY DECIMAL CLASSIFICATION NUMBER
Classification number TG.0294
100 ## - MAIN ENTRY--AUTHOR NAME
Personal name Gopalji
245 #0 - TITLE STATEMENT
Title Personnel management in Indian industries
260 ## - PUBLICATION, DISTRIBUTION, ETC. (IMPRINT)
Year of publication 1979
Name of publisher University of Delhi
300 ## - PHYSICAL DESCRIPTION
Number of Pages v.p. + C D - 39
650 ## - SUBJECT ADDED ENTRY--TOPICAL TERM
Topical Term INDIA - INDUSTRIES
650 ## - SUBJECT ADDED ENTRY--TOPICAL TERM
Topical Term PERSONNEL MANAGEMENT - INDIA
710 ## - ADDED ENTRY--CORPORATE NAME
Corporate name or jurisdiction name as entry element Ghosh, P.K.
942 ## - ADDED ENTRY ELEMENTS (KOHA)
Koha item type Thesis
Source of classification or shelving scheme Dewey Decimal Classification
Holdings
Withdrawn status Lost status Damaged status Not for loan Home library Current library Date acquired Bill Date Full call number Accession Number Price effective from Koha item type
        NASSDOC Library NASSDOC Library 08/10/2004 2004-10-22 TG.0294 14748 18/04/2019 Thesis